| 000 | 00545nam a22002057a 4500 | ||
|---|---|---|---|
| 003 | OSt | ||
| 005 | 20140310182905.0 | ||
| 008 | 130128t xxu||||| |||| 00| 0 eng d | ||
| 020 | _a9789710112210 | ||
| 050 |
_aHQ 775 _b.F267 2010 |
||
| 082 |
_aFIL 649.1 _bF891 2010 |
||
| 245 |
_aRaising Pinoy boys _cFausto, Rose Fres |
||
| 260 |
_aQuezon City _bCentral Book Supply _cc2010 |
||
| 300 |
_aiii, 183 p. : ill. _c23 cm. |
||
| 521 | _acollege students | ||
| 526 | _c1210L-1700L | ||
| 541 | _j1 | ||
| 562 | _e1 | ||
| 942 |
_2lcc _cBK _kFIL |
||
| 999 |
_c17148 _d17148 |
||